Staaten mit höchster Pressefreiheit - Statistiken

Allgemein
  • Dieses Quiz wurde 154 mal gespielt
  • Das Durchschnittsergebnis liegt bei 15 aus 20
Antwortstatistiken
Rang Antwort % Korrekt
11 Deutschland
99%
1 Norwegen
98%
4 Schweden
97%
12 Belgien
96%
2 Finnland
96%
16 Kanada
95%
3 Dänemark
94%
18 Österreich
94%
5 Niederlande
93%
8 Schweiz
93%
15 Island
90%
17 Luxemburg
87%
9 Neuseeland
86%
13 Irland
84%
10 Portugal
78%
14 Estland
64%
7 Costa Rica
27%
19 Uruguay
22%
6 Jamaika
19%
20 Surinam
6%
Keine übereinstimmenden Quizze gefunden
Verteilung der Resultate
Anzahl Personen mit jedem Resultat
Perzentil nach korrekt beantworteten Fragen
Ihre Resultats-Entwicklung
Sie haben dieses Quiz noch nicht gespielt